New Fabian colonial essays /

Saved in:
Bibliographic Details
Corporate Author: Fabian Society (Great Britain)
Other Authors: Jones, Arthur Creech
Format: Book
Language:English
Published: London : Hogarth Press, 1959.
Subjects:
LEADER 01027cam a2200265 a 4500
001 c000215214
003 CARM
005 20060413125930.0
008 860204s1959 enk 000 0 eng d
019 1 |a 3472185  |5 LACONCORD2021 
035 |a (OCoLC)5524502  |5 LACONCORD2021 
040 |a VDU  |b eng  |c VDU  |d SSL 
043 |a e-uk--- 
082 1 4 |a 325.341  |2 19 
245 0 0 |a New Fabian colonial essays /  |c edited by Arthur Creech Jones. 
260 |a London :  |b Hogarth Press,  |c 1959. 
300 |a 271 p. ;  |c 22 cm. 
651 0 |a Great Britain  |x Colonies. 
700 1 |a Jones, Arthur Creech. 
710 2 |a Fabian Society (Great Britain) 
852 8 |b CARM  |h A2:AD20H0  |i B05988  |p 0274855  |f BK 
852 8 |b CARM  |h A1:AP35B0  |i B07968  |p 0354828  |f BK 
999 f f |i 2b4c9e91-16ea-5645-b0e2-358c52985be2  |s 0810bb7d-d68b-5ee8-a306-06759ad1a210 
952 f f |p Can circulate  |a CAVAL  |b CAVAL  |c CAVAL  |d CARM 1 Store  |e B05988  |f A2:AD20H0  |h Other scheme  |i book  |m 0274855 
952 f f |p Can circulate  |a CAVAL  |b CAVAL  |c CAVAL  |d CARM 1 Store  |e B07968  |f A1:AP35B0  |h Other scheme  |i book  |m 0354828